000 01307nam a22003730a 4500
001 PT34358
003 AR-LpoUNG
005 20210131230157.0
008 191001s2004||||ag |||||||||||||||||spa d
020 _a9875580392
_c$4.90
040 _aAR-LpoUNG
_bspa
_cAR-LpoUNG
_eaacr
041 _aspa
044 _aag
082 0 _a982.05 113pol
100 1 _aSábato, Hilda
245 1 3 _aLa política en las calles :
_bentre el voto y la movilización : Buenos Aires 1862-1880
250 _a1ra. ed.
260 _aBuenos Aires :
_bUniversidad Nacional de Quilmes,
_c2004.
300 _a299 p. :
_btbls., gráfs., fot.
520 _a<p>En esta obra la autora ensaya una perspectiva distinta: mirar a los gobernados, los vínculos que establecen con los gobernantes y los mecanismos de participación política. Los analiza en un momento y un lugar peculiares: la ciudad de Buenos Aires en las turbulentas décadas de la organización nacional.</p>
650 4 _aARGENTINA
650 4 _aCOMPORTAMIENTO POLITICO
650 4 _aCULTURA
650 4 _aMARGINALIDAD
650 4 _aPARTICIPACION POLITICA
650 4 _aPARTICIPACION SOCIAL
650 4 _aPOLITICOS
650 4 _aVIOLENCIA
650 4 _aVOTACION
651 4 _aArgentina
653 _aINSERCION
905 _a34358
942 _cLIB
999 _c1911
_d1911